On This Day: February 12th Quiz Stats

 Plays Quiz Updated Feb 12, 2018

Challenge
Share
Tweet
Embed
Score 0/7 Timer 03:00
0 Plays Today
Question Answer Wrong Answers
The trial at The Hague begins for this former president of Serbia, charged with war crimes and genocide in Bosnia, Croatia, and Kosovo.
2002
Slobodan Milošević
84.9%
Ivan Stambolić
3.8%
Dragan Tomić
3.1%
Boris Tadić
3.7%
This UK band performs in New York City for the first time when they give a concert at Carnegie Hall.
1964
The Beatles
78.5%
The Rolling Stones
14.7%
The Sex Pistols
1.8%
The Clash
0.9%
The Greek War of Independence begins against the _____ Empire.
1821
Ottoman
76.7%
British
5.6%
Holy Roman
13%
Chinese
1.5%
This wartime US President is born in Hodgenville, Kentucky.
1809
Abraham Lincoln
69.3%
Franklin Pierce
2.3%
Ulysses S. Grant
21.3%
James Polk
4.3%
After 2,000 years of imperial rule, the last _____ emperor is forced to abdicate.
1912
Chinese
64.1%
Japanese
22.2%
Khmer
4.5%
Korean
5%
James Oglethorpe founds _____, the thirteenth American colony.
1733
Georgia
62.8%
Pennsylvania
10.9%
New Jersey
8.7%
South Carolina
17.4%
The world's first news dispatch via _____ occurs between Boston and Salem, Massachusetts.
1877
Telephone
27.3%
Telegraph
61.9%
AM radio
6.4%
Automobile
0.8%

Today's Daily Dose

You're not logged in!

Compare scores with friends on all Sporcle quizzes.
OR
Log In

You Might Also Like...

Show Comments

Extras

Top Quizzes Today


Score Distribution

Your Account Isn't Verified!

In order to create a playlist on Sporcle, you need to verify the email address you used during registration. Go to your Sporcle Settings to finish the process.

Report this User

Report this user for behavior that violates our Community Guidelines.

Details: